|
|
|
|
| LEADER |
01141nam a2200301 a 4500 |
| 001 |
37827 |
| 003 |
BD-DhAAL |
| 005 |
20250527144034.0 |
| 008 |
220224t1986 njua b 001 0 eng |
| 010 |
|
|
|a 86000588
|
| 020 |
|
|
|a 0135863481
|
| 040 |
|
|
|a DLC
|c DLC
|d DLC
|d BD-DhAAL
|
| 050 |
0 |
0 |
|a LB1027
|b .J64 1986
|
| 082 |
0 |
0 |
|a 371.3
|2 20
|
| 100 |
1 |
|
|a Joyce, Bruce R.
|9 46060
|
| 245 |
1 |
0 |
|a Models of teaching /
|c Bruce Joyce and Marsha Weil.
|
| 250 |
|
|
|a Third edition.
|
| 260 |
|
|
|a Englewood Cliffs, N.J. :
|b Prentice-Hall,
|c c1986.
|
| 300 |
|
|
|a ix, 518 pages :
|b illustrations ;
|c 24 cm.
|
| 504 |
|
|
|a Includes Bibliographical references(p. 497-513) and indexes.
|
| 541 |
|
|
|a Complimentary copy from BIED
|e 37827
|
| 650 |
|
0 |
|a Educational innovations.
|9 46061
|
| 650 |
|
0 |
|a Teaching.
|9 46062
|
| 700 |
1 |
|
|a Weil, Marsha.
|9 46063
|
| 852 |
|
|
|a Ayesha Abed Library
|c BIED Collection
|
| 942 |
|
|
|2 ddc
|c BK
|
| 999 |
|
|
|c 43576
|d 43576
|
| 952 |
|
|
|0 0
|1 0
|2 ddc
|4 0
|6 371_300000000000000_JOY
|7 0
|9 69888
|a BRACUL
|b BRACUL
|c GEN
|d 2022-02-24
|e Complimentary copy from BIED
|l 0
|o 371.3 JOY
|p 3010037827
|r 2022-02-24
|t 1
|w 2022-02-24
|y BK
|x Transferred from BIED to General Stacks
|